Jésus Marie Joseph ! (click quiz) - Statistiques

Statistiques générales
  • Ce quiz a été pris 106 fois
  • Le résultat moyen est 7 sur 8
Statistiques - réponses
Hint Réponse % Correct
Christ Jésus
96%
De Nazareth Jésus
94%
Curie Marie
94%
Staline Joseph
92%
Kessel Joseph
82%
Fiennes Joseph
76%
Drucker Marie
68%
Haydn Joseph
55%
Aucun quiz correspondant
Distribution des résultats
% des personnes avec chaque résultat
Percentile par nombre de réponses
Votre historique - résultats
Vous n’avez pas pris ce quiz